ولی سے اقبال تک / (Record no. 109118)
[ view plain ]
| 000 -LEADER | |
|---|---|
| fixed length control field | 00837nam a22002537a 4500 |
| 005 - DATE AND TIME OF LATEST TRANSACTION | |
| control field | 20170123162349.0 |
| 010 ## - LIBRARY OF CONGRESS CONTROL NUMBER | |
| LC control number | B-208950 |
| 020 ## - INTERNATIONAL STANDARD BOOK NUMBER | |
| Terms of availability | 200.00 |
| International Standard Book Number | 8188912182 |
| 035 ## - SYSTEM CONTROL NUMBER | |
| System control number | B-208950 |
| 037 ## - SOURCE OF ACQUISITION | |
| Source of stock number/acquisition | Cen Lib/Ret |
| 040 ## - CATALOGING SOURCE | |
| Original cataloging agency | DPL |
| Language of cataloging | UR |
| 082 ## - DEWEY DECIMAL CLASSIFICATION NUMBER | |
| Classification number | 841.08 |
| Item number | ع ب د |
| 100 ## - MAIN ENTRY--PERSONAL NAME | |
| Personal name | عبد الله |
| 9 (RLIN) | 140666 |
| 245 ## - TITLE STATEMENT | |
| Title | ولی سے اقبال تک / |
| Statement of responsibility, etc | عبد الله |
| 246 ## - VARYING FORM OF TITLE | |
| Title proper/short title | Wali se Iqbal tak / |
| Remainder of title | by Abdullah |
| 260 ## - PUBLICATION, DISTRIBUTION, ETC. (IMPRINT) | |
| Place of publication, distribution, etc | دہلی |
| Name of publisher, distributor, etc | بک کارپوریشن |
| Date of publication, distribution, etc | 2007 |
| 270 ## - ADDRESS | |
| City | دہلی |
| Address | ٣١٩١، کچہ پنڈت لعل کوان |
| Postal code | 110006 |
| 300 ## - PHYSICAL DESCRIPTION | |
| Extent | 304p. |
| Dimensions | 21cm(Hb) |
| 650 ## - SUBJECT ADDED ENTRY--TOPICAL TERM | |
| Topical term or geographic name as entry element | ادب -- اردو |
| 9 (RLIN) | 140667 |
| 650 ## - SUBJECT ADDED ENTRY--TOPICAL TERM | |
| Topical term or geographic name as entry element | اردو شاعری کی تنقید |
| 9 (RLIN) | 107863 |
| 650 ## - SUBJECT ADDED ENTRY--TOPICAL TERM | |
| Topical term or geographic name as entry element | Urdu literature |
| 9 (RLIN) | 140668 |
| 650 ## - SUBJECT ADDED ENTRY--TOPICAL TERM | |
| Topical term or geographic name as entry element | Urdu poetry criticism |
| 9 (RLIN) | 107865 |
| 942 ## - ADDED ENTRY ELEMENTS (KOHA) | |
| Source of classification or shelving scheme | Dewey Decimal Classification |
| Koha item type | Urdu Bks |
| Classification part | 841.08 |
| Call number suffix | ع ب د |
| Withdrawn status | Lost status | Damaged status | Not for loan | Home library | Current library | Date acquired | Source of acquisition | Cost, normal purchase price | Total Checkouts | Full call number | Barcode | Date last seen | Date checked out | Copy number | Cost, replacement price | Price effective from | Koha item type |
|---|---|---|---|---|---|---|---|---|---|---|---|---|---|---|---|---|---|
| Central Library | Central Library | 20/02/2016 | Cen Lib/Ret | 200.00 | 1 | 841.08 ع ب د | B-208950 | 25/05/2019 | 04/05/2019 | 1 | 200.00 | 20/02/2016 | Urdu Bks |
